Podmienky plnenia kritérií Národnej ceny za kvalitu (The criteria conditions of National Quality Award of the Slovak republic) [CD-ROM]

Na minha lista:
Detalhes bibliográficos
Autor principal: Plačko, Matúš, 1986- (Author)
Outros Autores: Hekelová, Edita, 1954- (xxx), Srdošová, Katarína, 1971- (Opponent)
Formato: Manuscrito Livro
Idioma:eslovaco
Publicado em: Bratislava : STU v Bratislave SjF, 2008
Edição:1.vyd.
Assuntos:
Tags: Adicionar Tag
Sem tags, seja o primeiro a adicionar uma tag!

MARC

LEADER 00000ntm a22000003a 4500
001 stu177056
005 20150617230043.2
008 081210s2008----xo------------------slo-d
040 |a STU  |b slo 
041 0 |a slo 
044 |a xo 
100 1 |a Plačko, Matúš,  |d 1986-  |4 aut  |u J0070  |9 100  |U SjF Strojnícka fakulta  |T SjF Ústav výrobných systémov, enviromentálnej techniky a manažment kvality  |X 40834  |U J0070  |Y 804  |7 A000040834 
245 1 |a Podmienky plnenia kritérií Národnej ceny za kvalitu (The criteria conditions of National Quality Award of the Slovak republic) [CD-ROM] 
250 |a 1.vyd. 
260 |a Bratislava :  |b STU v Bratislave SjF,  |c 2008 
300 |a 47 s 
650 7 |a Národná cena  |2 stusub 
650 7 |a analýza kritérií  |2 stusub 
650 7 |a certifikácia  |2 stusub 
650 7 |a slovenské firmy  |2 stusub 
650 7 |a National Award  |2 estusub 
650 7 |a slovak businesses  |2 estusub 
700 1 |a Hekelová, Edita,  |d 1954-  |4 xxx  |u J0070  |U SjF Strojnícka fakulta  |T SjF Ústav výrobných systémov, enviromentálnej techniky a manažment kvality  |X 2429  |U J0070  |Y 804  |7 A000002429 
700 1 |a Srdošová, Katarína,  |d 1971-  |4 opn  |u J0070  |U SjF Strojnícka fakulta  |T SjF Ústav výrobných systémov, enviromentálnej techniky a manažment kvality  |X 41914  |U J0070  |Y 804  |7 A000041914 
996 |b 284J035083  |c J*83/BP  |l JJSK  |s A  |a 24  |w stu177056_0001